Energy White Paper published (Record no. 72154)

MARC details
000 -LEADER
fixed length control field 01257cam a2200205 4500
001 - CONTROL NUMBER
control field WB3908-15
008 - FIXED-LENGTH DATA ELEMENTS--GENERAL INFORMATION
fixed length control field 030226n2003 000 0 eng u
035 ## - SYSTEM CONTROL NUMBER
System control number (Sirsi) u121426
245 ## - TITLE STATEMENT
Title Energy White Paper published
260 ## - PUBLICATION, DISTRIBUTION, ETC.
Date of publication, distribution, etc. 2003
490 ## - SERIES STATEMENT
Series statement DTI Press Release
Volume/sequential designation (P/2003/113) 24 February 2003 (3)
490 ## - SERIES STATEMENT
Series statement DEFRA News Release
Volume/sequential designation (66/03) 24 February 2003 (2)
520 ## - SUMMARY, ETC.
Summary, etc. DTI has unveiled the Energy White Paper "Our energy future - creating a low carbon economy" which puts the cutting of greenhouse gases at the heart of the new energy policy. The four main goals of the policy are the cutting of carbon dioxide emissions by 60% by 2050, the maintainance of the reliability of energy supplies, the promotion of competitive energy markets in the UK and the ensuring that every home is adequately and affordably heated. Copies of the Energy White Paper are available from http://www.dti.gov.uk/energy/whitepaper/index.shtml http://www.gnn.gov.uk/gnn/national.nsf/TI/130E72C5A1C9531D80256CD70041D823?opendocument http://www.defra.gov.uk/news/2003/030224b.htm
590 ## - LOCAL NOTE (RLIN)
Local note WB
650 ## - SUBJECT ADDED ENTRY--TOPICAL TERM
Topical term or geographic name entry element RENEWABLE ENERGY
650 ## - SUBJECT ADDED ENTRY--TOPICAL TERM
Topical term or geographic name entry element GREENHOUSE GASES
650 ## - SUBJECT ADDED ENTRY--TOPICAL TERM
Topical term or geographic name entry element ENERGY POLICY
690 ## - LOCAL SUBJECT ADDED ENTRY--TOPICAL TERM (OCLC, RLIN)
Topical term or geographic name as entry element ENVIRONMENTAL AND LAND CONSULTANCY-ENERGY
942 ## - ADDED ENTRY ELEMENTS (KOHA)
Suppress in OPAC 0
Holdings
Withdrawn status Lost status Source of classification or shelving scheme Damaged status Not for loan Home library Current library Shelving location Date acquired Total Checkouts Full call number Barcode Date last seen Copy number Price effective from Koha item type
    Dewey Decimal Classification     London London News article 26/02/2003   WB3908-15 121426-1001 06/08/2019 1 06/08/2019 News article